| 000 -LEADER |
| fixed length control field |
01939nam a22002057a 4500 |
| 003 - CONTROL NUMBER IDENTIFIER |
| control field |
OSt |
| 005 - DATE AND TIME OF LATEST TRANSACTION |
| control field |
20250723090337.0 |
| 008 - FIXED-LENGTH DATA ELEMENTS--GENERAL INFORMATION |
| fixed length control field |
250723b ||||| |||| 00| 0 eng d |
| 020 ## - INTERNATIONAL STANDARD BOOK NUMBER |
| International Standard Book Number |
9781382006439 |
| 040 ## - CATALOGING SOURCE |
| Transcribing agency |
KH8 |
| 082 ## - DEWEY DECIMAL CLASSIFICATION NUMBER |
| Classification number |
530.076 KIT |
| 100 ## - MAIN ENTRY--PERSONAL NAME |
| Personal name |
Kitten, Primrose, |
| Relator term |
author. |
| 245 ## - TITLE STATEMENT |
| Title |
Cambridge IGCSE Physics : |
| Remainder of title |
Practical Workbook / |
| Statement of responsibility, etc. |
Primrose Kitten. |
| 260 ## - PUBLICATION, DISTRIBUTION, ETC. |
| Place of publication, distribution, etc. |
UK ; |
| Name of publisher, distributor, etc. |
Oxford University Press , |
| Date of publication, distribution, etc. |
2022. |
| 300 ## - PHYSICAL DESCRIPTION |
| Extent |
78 pages : |
| Other physical details |
illustrations ; |
| Dimensions |
28 cm. |
| 520 ## - SUMMARY, ETC. |
| Summary, etc. |
The Exam Success in Cambridge IGCSE® and O Level Physics Practical Workbook fully supports the latest Cambridge IGCSE (0625) and O Level (5054) syllabuses and is suitable for use alongside our Complete and Essential IGCSE Physics series. The Practical Workbook provides everything students need to grow their confidence and help them achieve the best grades they can in their Practical Test or Alternative to Practical paper. It includes complete method, equipment, and safety for all required practicals or alternative to practicals, as well as hints on tackling practical exam questions and tips on translating and applying skills to new contexts. The book also directly addresses concerns from teachers about Papers 5 and 6. The Exam Success in IGCSE and O Level Physics Practical Workbook is written by Primrose Kitten, an experienced teacher and science revision expert. Students can benefit from her excellent understanding of what they need to achieve their best. Other resources are also available. The Exam Success Guide helps students to raise their grades in their Physics IGCSE. The Complete or Essential Student Book is at the heart of delivering the course and is available in print, online or via a great-value print and online pack. The Workbook is for independent practice and strengthens exam potential inside and outside the classroom. |
| 650 ## - SUBJECT ADDED ENTRY--TOPICAL TERM |
| Topical term or geographic name entry element |
Practice book |
| Form subdivision |
Physics |
| 650 ## - SUBJECT ADDED ENTRY--TOPICAL TERM |
| Topical term or geographic name entry element |
Exam preparation |
| Form subdivision |
physics |
| 942 ## - ADDED ENTRY ELEMENTS (KOHA) |
| Source of classification or shelving scheme |
|
| Koha item type |
Teaching Resources |